Kingzett's Chemical encyclopædia ; a digest of chemistry and its industrial applications /

Bibliographic Details
Main Author: Kingzett, Charles Thomas, 1852-1935
Other Authors: Strong, Ralph Kempton, 1882-
Format: Book
Language:English
Published: London : Bailliere, Tindall and Cox, 1940.
Edition:6th ed.
Subjects:

MARC

Tag First Indicator Second Indicator Subfields
LEADER 00000cam a2200000 4500
001 in00000048477
005 20151007071627.0
008 780228s1940 enka bde 00010 eng
010 |a  41001327  
035 |a (OCoLC)03677421 
035 |9 AAE6331AM 
040 |a DLC  |c TLM  |d TXA  |d UtOrBLW 
049 |a TXAM  |c [93704] 
050 0 |a QD5  |b .K4 1940 
092 |a 540.3  |b K55c6 
100 1 |a Kingzett, Charles Thomas,  |d 1852-1935. 
245 1 0 |a Kingzett's Chemical encyclopædia ;  |b a digest of chemistry and its industrial applications /  |c revised and edited by Ralph K. Strong. With foreword by Sir Gilbert T. Morgan. 
250 |a 6th ed. 
264 1 |a London :  |b Bailliere, Tindall and Cox,  |c 1940. 
300 |a x, 1088 pages :  |b frontispiece (folded tables) diagrams ;  |c 23 cm. 
336 |a text  |b txt  |2 rdacontent 
337 |a unmediated  |b n  |2 rdamedia 
338 |a volume  |b nc  |2 rdacarrier 
500 |a First published under title: Popular chemical dictionary. 
504 |a Includes "References". 
650 0 |a Chemistry  |v Dictionaries. 
700 1 |a Strong, Ralph Kempton,  |d 1882- 
999 |a MARS 
999 f f |s dc641872-6b9e-3134-a1cd-df1f69be0990  |i 0dd29158-2bfb-3509-bfed-c165048e3140  |t 0 
952 f f |p ric  |a Texas A&M University  |b Rellis Campus  |c Joint Library Facility  |d Remote Storage  |t 0  |e QD5 .K4 1940  |h Library of Congress classification  |i unmediated -- volume  |m A14800932458 
998 f f |a QD5 .K4 1940  |t 0  |l Remote Storage